Afterparty

Hlavní autor: Malina, Luboš, 1959-
Jazyk: Čeština
Vydáno: Praha : Good Day, 2004
Témata:
Fyzický popis: 1 zvuková deska (45:04) : digital 12 cm 1 leták (12 x 36 cm, složený na 12 x 12 cm)
Zvukové nahrávky
Uloženo v:
LEADER 01754njm a2200397 a 4500
001 000762097
003 CZ BrMZK
005 20050216122227.0
007 sd fsngnnmmned
008 050201s2004 xr zz g cze d
015 |a cnb001492516 
028 0 1 |a GD 035-2  |b Good Day 
040 |a BOA001  |b cze 
045 |a y0y0 
080 |a 787.7  |2 MRF 
080 |a 78.083.82  |2 MRF 
080 |a (086.76)  |2 MRF 
100 1 |a Malina, Luboš,  |d 1959-  |7 jx20050120006  |4 prf  |4 arr  |4 cmp 
245 1 0 |a Afterparty  |h [zvukový záznam] 
260 |a Praha :  |b Good Day,  |c 2004 
300 |a 1 zvuková deska (45:04) :  |b digital  |c 12 cm  |e 1 leták (12 x 36 cm, složený na 12 x 12 cm) 
306 |a 004504 
500 |a Hudební úpravy skladeb populární i vážné hudby 
500 |a Hudba č. 1, 2, 4 traditionaly, č. 3, 7, 14 L. Malina, č. 5 Bill Monroe, č. 6 J. Ježek, č. 10 B. Smetana a další 
500 |a Kompaktní deska DDD 
500 |a Úpravy Luboš Malina a další 
505 0 0 |t Harp medley --  |t Parting glass --  |t Mezi řečí --  |t Irish medley --  |t Big mon --  |t Ezop a brabenec --  |t Gejza a Berta --  |t Bach medley --  |t Afterparty --  |t Vzpomínka na Plzeň --  |t Turecký pochod --  |t Mindrele --  |t Beatles medley --  |t V nevysokých horách --  |t Sgruggs medley 
511 0 |a Luboš Malina, banjo 
518 |a Nahráno ve studiu Good Day Records v červnu 2003 až březnu 2004, č. 3 ve studiu BM v Brně, č. 12 ve studiu HICON v Popůvkách 
650 0 4 |a hudba pro banjo, úpravy 
650 0 4 |a různé hudební formy, úpravy 
655 7 |a kompaktní desky  |7 fd201991  |2 czenas 
910 |a BOA001  |b CD-0012.129 
990 |a AV 
991 |b 200502 
996 6 |b 261H013316  |c CD-0012.129  |l MZK  |r Sklad / do 24 hodin  |n 1  |w 000762097  |u 000010  |a 1  |e BOA001  |j MZK50  |s P